000 00657nam a2200265Ia 4500
005 20260121165716.0
008 008 260114s9999 xx 000 0 eng d
020 _a9789811017681
037 _aEBOOK
040 _aCRL
040 _beng
040 _cCRL
041 _2eng
041 _aeng
084 _qCRL
100 _aJiuping Xu, Zongmin Li, Zhimiao Tao
_91055069
245 0 _aRandom-Like Bi-level Decision Making
260 _bSpringer
260 _bSpringer
260 _c2016
856 _uhttps://link.springer.com/openurl?genre=book&isbn=978-981-10-1768-1
942 _cEBOOK
999 _c1620796
_d1620796